Enviromental water pollution and it's control (Record no. 3788)

MARC details
000 -LEADER
fixed length control field 00421nam a22001457a 4500
008 - FIXED-LENGTH DATA ELEMENTS--GENERAL INFORMATION
fixed length control field 250604b |||||||| |||| 00| 0 eng d
020 ## - INTERNATIONAL STANDARD BOOK NUMBER
ISBN 9789351117629
100 ## - MAIN ENTRY--AUTHOR
Author Sharma sandeep
245 ## - TITLE STATEMENT
Title Enviromental water pollution and it's control
260 ## - PUBLICATION, DISTRIBUTION, ETC. (IMPRINT)
Place of publication India
Name of publisher Random publications
Date of publication 2017
300 ## - COLLATION
Pagination 336p
650 ## - TRACINGS
Main Subject Water pollution control
Subdivision (1st) Water quality management
942 ## - ADDED ENTRY ELEMENTS (KOHA)
Item type Books
050 ## - LIBRARY OF CONGRESS CALL NUMBER
Classification number TD 224.13
Item number .S 43
Holdings
Source of classification or shelving scheme Not for loan Permanent location Current location Date acquired Accession No. Full call number Barcode. Koha item type
Library of Congress Classification   Samuel Ogbemudia Main Library, University of Abuja Samuel Ogbemudia Main Library, University of Abuja 06/04/2025 2025/64991 TD 224.13 .S 43 2025-2380 Books